00660nam a22001937a 450000500170000001000150001702000260003202000230005803500130008103700130009408200060010710000190011324501300013226000450026227000630030730000340037049000460040470000160045020140422125652.0 aENG-109205 c195.00a9780198097464 c195.00a0198097468 aEN-92738 bDBAD/PUB aN aMiranda, Jhony aJeevichirikkunnavarkku vendiyulla oppees =requiem for the living /cby Johny Miranda; translated from Malayalam by Sajai Jose bOxford University Pressc2013aNew Delhi bNew Delhie110001aYMCA Library Building, 1 Jai Singh Road axxxvii,90p.c20cm(pbk)  aOxford novellas ; edited by Mini Krishnan aJose, Sajai